Jean-Claude MÉTRAUX, DEUILS COLLECTIFS ET CRÉATION SOCIALE, La Dispute, 2004 (notice n° 1590123)
[ vue normale ]
| 000 -LEADER | |
|---|---|
| fixed length control field | 01520cam a2200169 4500500 |
| 005 - DATE AND TIME OF LATEST TRANSACTION | |
| control field | 20251228064807.0 |
| 041 ## - LANGUAGE CODE | |
| Language code of text/sound track or separate title | fre |
| 042 ## - AUTHENTICATION CODE | |
| Authentication code | dc |
| 100 10 - MAIN ENTRY--PERSONAL NAME | |
| Personal name | Pagès, Max |
| Relator term | author |
| 245 00 - TITLE STATEMENT | |
| Title | Jean-Claude MÉTRAUX, DEUILS COLLECTIFS ET CRÉATION SOCIALE, La Dispute, 2004 |
| 260 ## - PUBLICATION, DISTRIBUTION, ETC. | |
| Date of publication, distribution, etc. | 2005.<br/> |
| 500 ## - GENERAL NOTE | |
| General note | 22 |
| 520 ## - SUMMARY, ETC. | |
| Summary, etc. | RésuméLes querelles actuelles autour du statut des psychothérapies, et notamment dans leur rapport avec la médecine, peuvent être éclairées par un débat, qui eut lieu à la fin du XIXe siècle, autour de l’hypnose. Dans ce texte, les enjeux de cet ancien débat sont retracés et plus particulièrement la manière dont la médecine a tenté de s’emparer d’un phénomène dont elle ignorait tout ou presque et qu’elle tenait pour du charlatanisme quelques années avant. |
| 520 ## - SUMMARY, ETC. | |
| Summary, etc. | The current quarrels over the status of psychotherapy, and in particular its relationship to medicine, may be clarified by a debate that took place at the end of the 19th century, on the subject of hypnosis. In this text, the stakes of this ancient debate are covered and more especially the way in which medicine tried to take over a phenomenon about which it knew nothing or almost nothing and that it considered to be charlatanism just a few years earlier. |
| 786 0# - DATA SOURCE ENTRY | |
| Note | Revue internationale de psychosociologie | XI | 24 | 2005-03-01 | p. 167a-176a | 1260-1705 |
| 856 41 - ELECTRONIC LOCATION AND ACCESS | |
| Uniform Resource Identifier | <a href="https://shs.cairn.info/revue-internationale-de-psychosociologie-2005-24-page-167a?lang=fr&redirect-ssocas=7080">https://shs.cairn.info/revue-internationale-de-psychosociologie-2005-24-page-167a?lang=fr&redirect-ssocas=7080</a> |
Pas d'exemplaire disponible.




Réseaux sociaux